[Event "ITT Copa DIESA"]
[Site "Asuncion"]
[Date "2011.09.17"]
[Round "8.1"]
[White "Latorre, Matias"]
[Black "Vazquez, Guillermo"]
[Result "1/2-1/2"]
[WhiteElo "2141"]
[BlackElo "2180"]
[PlyCount "142"]
[EventDate "2011.03.09"]

1. d4 g6 2. c4 Bg7 3. Nc3 d6 4. e4 Nf6 5. f3 O-O 6. Be3 Nc6 7. Nge2 a6 8. Qd2
e5 9. d5 Na5 10. Nc1 c5 11. b4 cxb4 12. Na4 b5 13. cxb5 axb5 14. Bxb5 Bd7 15.
Qxb4 Rb8 16. Nc3 Qc7 17. a4 Rfc8 18. N1e2 Be8 19. O-O Nd7 20. Ra2 Nc5 21. Qa3
Qd8 22. Rc2 Nxa4 23. Qxa4 Bxb5 24. Nxb5 Rxc2 25. Qxc2 Rxb5 26. Qa4 Rb8 27. Ra1
Nb3 28. Rd1 h5 29. Rd3 Qa5 30. Qxa5 Nxa5 31. Rc3 Kh7 32. Rc7 Rb7 33. Rxb7 Nxb7
34. Bb6 Bf6 35. g3 Bd8 36. Bxd8 Nxd8 37. Nc3 Kg7 38. Kf2 Kf6 39. Ke3 Ke7 40.
Kd3 Kd7 41. Kc4 Nb7 42. Na4 Kc7 43. h4 f6 44. g4 Nd8 45. Nc3 Nf7 46. Nd1 Nh8
47. Ne3 Kd7 48. Nf1 g5 49. gxh5 gxh4 50. Kd3 f5 51. exf5 Ke7 52. Ke4 Nf7 53. f4
Kf6 54. Ne3 h3 55. Ng4+ Kg7 56. f6+ Kh7 57. fxe5 Nxe5 58. Nf2 h2 59. Kf5 Kh6
60. Ke6 Kxh5 61. Kxd6 Nf7+ 62. Ke7 Kg6 63. Nh1 Nh6 64. Ke6 Nf7 65. Ng3 Ng5+ 66.
Ke7 Nf7 67. Nh1 Nh6 68. Nf2 Nf7 69. Ke6 Ng5+ 70. Ke5 Nf7+ 71. Kd4 Nh6 1/2-1/2

[Event "ITT Copa DIESA"]
[Site "Asuncion"]
[Date "2011.09.17"]
[Round "8.3"]
[White "Dolezal, Cristian"]
[Black "Ojeda, Javier"]
[Result "1-0"]
[WhiteElo "2392"]
[BlackElo "2205"]
[PlyCount "83"]
[EventDate "2011.03.09"]

1. e4 c5 2. Ne2 d6 3. g3 Nc6 4. Bg2 g6 5. c3 Bg7 6. d4 cxd4 7. cxd4 Bg4 8. f3
Bd7 9. Nbc3 Nf6 10. Be3 O-O 11. Qd2 Re8 12. O-O Qa5 13. a3 e5 14. b4 Qd8 15. d5
Ne7 16. a4 Rf8 17. Nb5 Nc8 18. Qd3 Ne8 19. a5 f5 20. a6 bxa6 21. Na3 Nc7 22.
Nc4 Rb8 23. Rfb1 Bb5 24. Nc3 fxe4 25. fxe4 Qd7 26. Nxb5 axb5 27. Na5 Nb6 28.
Nc6 Ra8 29. Nxa7 Nc4 30. Nc6 Rxa1 31. Rxa1 Ra8 32. Rxa8+ Nxa8 33. Bf2 Bh6 34.
Bf3 Qb7 35. Bg4 Nc7 36. Qf3 Kg7 37. Nd8 Qa8 38. Qf7+ Kh8 39. Qxc7 Qa1+ 40. Kg2
Ne3+ 41. Bxe3 Bxe3 42. Qf7 1-0

[Event "ITT Copa DIESA"]
[Site "Asuncion"]
[Date "2011.09.17"]
[Round "8.4"]
[White "Perdomo, Leandro"]
[Black "Riline, Alejandro"]
[Result "1-0"]
[WhiteElo "2382"]
[BlackElo "2214"]
[PlyCount "89"]
[EventDate "2011.03.09"]

1. d4 Nf6 2. c4 e6 3. Nc3 Bb4 4. e3 b6 5. Nge2 Ba6 6. a3 Bxc3+ 7. Nxc3 d5 8. b3
O-O 9. Be2 Nc6 10. a4 Re8 11. Bf3 Qd7 12. Ba3 Rad8 13. O-O Ne7 14. a5 Ng6 15.
axb6 axb6 16. g3 Qc8 17. Nb5 e5 18. Bb2 Bxb5 19. cxb5 e4 20. Bg2 Qd7 21. Qe2
Ra8 22. Ra6 Rxa6 23. bxa6 b5 24. Ra1 Ra8 25. Qc2 Ne7 26. Qc5 c6 27. Bc3 h5 28.
Qb6 Ra7 29. Bb4 Nc8 30. Qb8 Qc7 31. Qxc7 Rxc7 32. Bc5 Na7 33. Bh3 Ng4 34. Bb6
Re7 35. Rc1 Kh7 36. b4 Nf6 37. Bxa7 Rxa7 38. Rxc6 Ne8 39. Bc8 Nc7 40. Bb7 Ne8
41. Rc8 Nd6 42. Ra8 Rxa8 43. Bxa8 Nc8 44. Bxd5 f5 45. Be6 1-0

[Event "ITT Copa DIESA"]
[Site "Asuncion"]
[Date "2011.09.17"]
[Round "8.5"]
[White "Brito, Luismar"]
[Black "Peralta, Eduardo"]
[Result "1/2-1/2"]
[WhiteElo "2297"]
[BlackElo "2255"]
[PlyCount "70"]
[EventDate "2011.03.09"]

1. Nc3 d5 2. e4 d4 3. Nce2 c5 4. f4 a6 5. Nf3 Nc6 6. Ng3 e6 7. c4 Nf6 8. h3 Be7
9. Bd3 Qc7 10. e5 Nd7 11. O-O b6 12. Be4 Bb7 13. d3 g6 14. Qe2 b5 15. b3 bxc4
16. bxc4 O-O 17. Bd2 Rab8 18. Rfb1 Ba8 19. Rb3 a5 20. Rb5 Rxb5 21. cxb5 Nb4 22.
a3 Nd5 23. a4 N7b6 24. Bxa5 Nxf4 25. Qd2 Nfd5 26. Qh6 f5 27. exf6 Nxf6 28. Bxb6
Qxg3 29. Bxa8 Nh5 30. Be4 Rxf3 31. Bxf3 Bg5 32. Bc7 Nf4 33. Qxg5 Nxh3+ 34. Kh1
Nf2+ 35. Kg1 Nh3+ 1/2-1/2

[Event "ITT Copa DIESA"]
[Site "Asuncion"]
[Date "2011.09.18"]
[Round "9.1"]
[White "Peralta, Eduardo"]
[Black "Latorre, Matias"]
[Result "1/2-1/2"]
[WhiteElo "2255"]
[BlackElo "2141"]
[PlyCount "39"]
[EventDate "2011.03.09"]

1. Nf3 Nf6 2. g3 g6 3. Bg2 Bg7 4. O-O O-O 5. d4 d6 6. c4 c5 7. Nc3 Nc6 8. dxc5
dxc5 9. Be3 Be6 10. Qxd8 Rfxd8 11. Bxc5 Bxc4 12. Rfd1 Nd5 13. Nd4 Nxd4 14. Bxd4
Nxc3 15. Bxc3 Bxe2 16. Rxd8+ Rxd8 17. Bxg7 Kxg7 18. Bxb7 Rb8 19. Re1 Rxb7 20.
Rxe2 1/2-1/2

[Event "ITT Copa DIESA"]
[Site "Asuncion"]
[Date "2011.09.18"]
[Round "9.2"]
[White "Riline, Alejandro"]
[Black "Brito, Luismar"]
[Result "0-1"]
[WhiteElo "2214"]
[BlackElo "2297"]
[PlyCount "88"]
[EventDate "2011.03.09"]

1. Nf3 b5 2. g3 Bb7 3. Bg2 e6 4. O-O Be7 5. d3 f5 6. Nbd2 Nf6 7. b3 O-O 8. Bb2
Qe8 9. c4 b4 10. a3 Na6 11. axb4 Nxb4 12. Qc1 c5 13. Qc3 d6 14. Rfe1 e5 15. e3
Qh5 16. Nh4 Bxg2 17. Nxg2 Ng4 18. Nf1 Bf6 19. Qd2 e4 20. Nf4 Qh6 21. Bxf6 Qxf6
22. d4 g5 23. Nd5 Nxd5 24. cxd5 cxd4 25. exd4 Qh6 26. Ra6 Rf7 27. h4 e3 28.
fxe3 gxh4 29. e4 f4 30. gxf4 Rxf4 31. Nh2 Kh8 32. Rf1 Raf8 33. Rxf4 Rxf4 34.
Rxa7 Qf6 35. Ra8+ Kg7 36. Ra7+ Kg6 37. Re7 Nxh2 38. Qg2+ Rg4 39. Re6 Nf3+ 40.
Kh1 Rxg2 41. Rxf6+ Kxf6 42. e5+ Nxe5 43. dxe5+ Kxe5 44. Kxg2 Kxd5 0-1

[Event "ITT Copa DIESA"]
[Site "Asuncion"]
[Date "2011.09.18"]
[Round "9.3"]
[White "Ojeda, Javier"]
[Black "Perdomo, Leandro"]
[Result "0-1"]
[WhiteElo "2205"]
[BlackElo "2382"]
[PlyCount "134"]
[EventDate "2011.03.09"]

1. e4 e5 2. Nf3 Nc6 3. Bc4 Nf6 4. d3 Be7 5. O-O O-O 6. Re1 d6 7. a4 Be6 8. Nbd2
Nd7 9. c3 Bf6 10. a5 a6 11. b4 Re8 12. Qb3 b5 13. Bxe6 fxe6 14. Nf1 Na7 15. d4
exd4 16. cxd4 c5 17. e5 c4 18. Qe3 Be7 19. Bd2 Nc6 20. Rab1 Nf8 21. Red1 Ng6
22. Bc3 d5 23. N1d2 Rf8 24. g3 Rf5 25. Rb2 Qf8 26. Rdb1 Qf7 27. Rf1 Rf8 28. Kg2
Nh8 29. Ne1 g5 30. Nc2 Qh5 31. f3 Qg6 32. Qe2 R5f7 33. Ne1 h5 34. Rg1 Rh7 35.
Nf1 Nf7 36. Qc2 Qxc2+ 37. Nxc2 Nh6 38. Nfe3 Rhf7 39. Rf1 Kh7 40. Rbb1 Bd8 41.
Rbe1 Ne7 42. Re2 Kg6 43. Ref2 Bc7 44. Re2 Bb8 45. Rd2 Ba7 46. Re2 Nhf5 47. Ree1
Nc6 48. Nxf5 Rxf5 49. Rd1 R5f7 50. Rde1 g4 51. f4 Ne7 52. Rh1 Nf5 53. h4 gxh3+
54. Rxh3 Rg7 55. Kf3 Rfg8 56. Rg1 Kf7 57. Rg2 Rg4 58. Ne3 Nxd4+ 59. Bxd4 Bxd4
60. Rxh5 Bxe3 61. Kxe3 Rxg3+ 62. Rxg3 Rxg3+ 63. Ke2 d4 64. f5 exf5 65. Rxf5+
Ke6 66. Rf6+ Kxe5 67. Rxa6 d3+ 0-1

[Event "ITT Copa DIESA"]
[Site "Asuncion"]
[Date "2011.09.18"]
[Round "9.4"]
[White "Villalba, Marcelo"]
[Black "Dolezal, Cristian"]
[Result "0-1"]
[WhiteElo "2184"]
[BlackElo "2392"]
[PlyCount "112"]
[EventDate "2011.03.09"]

1. e4 g6 2. d4 Bg7 3. Ne2 c6 4. Be3 d5 5. e5 Qb6 6. Qc1 Nh6 7. c4 Nf5 8. cxd5
O-O 9. Nbc3 Rd8 10. Qd2 cxd5 11. Ng3 Nc6 12. Nxf5 Bxf5 13. Be2 Nxe5 14. Na4 Qc6
15. b3 Nc4 16. bxc4 Qxa4 17. c5 e5 18. Bd1 Qa3 19. O-O exd4 20. Bxd4 Bxd4 21.
Qxd4 Rac8 22. g4 Be4 23. f3 Bd3 24. Re1 Qxc5 25. Qxc5 Rxc5 26. Re7 Rb5 27. Bb3
Bc4 28. Rc7 Bxb3 29. axb3 a5 30. Re1 Rxb3 31. Ree7 Rxf3 32. Rxb7 Rf4 33. Kg2
Rxg4+ 34. Kf3 h5 35. Rxf7 Rf8 36. Rxf8+ Kxf8 37. Rb5 a4 38. Rxd5 Kg7 39. Ra5
Kf6 40. h3 Rb4 41. Kg3 Rb3+ 42. Kh4 a3 43. Ra6+ Kf5 44. Rf6+ Ke5 45. Rxg6 Kd4
46. Rh6 Re3 47. Rxh5 Re4+ 48. Kg3 Kc3 49. Ra5 Kb3 50. Rf5 a2 51. Rf3+ Ka4 52.
Rf1 Rb4 53. Ra1 Ka3 54. Rf1 Rb1 55. Rf8 Rb3+ 56. Kg4 Rb4+ 0-1